000 00639nam a22002297a 4500
003 OSt
005 20241218061806.0
008 241217b |||||||| |||| 00| 0 eng d
020 _a9789085731382
020 _a9789290814627
040 _aKMU
_beng
_cKMU
_dKMU
_eRDA
050 _aS494.5.P33
100 _aFellows Peter
245 _apackaging Agricultural products/
_cPeter Fellows
260 _aWageningen:
_bAgromisa Foundation,
_c2011.
300 _a71 p.:
_bill;
_c21 cm.
490 _aAgrodok-series No.50
500 _aInclude websites and glossary
650 _apackaging
650 _aAgriculture products
942 _2lcc
_cBK
_n0
999 _c1500
_d1500